Werner Beinhart - das Fußballspiel - Statistiken

Allgemein
  • Dieses Quiz wurde 81 mal gespielt
  • Das Durchschnittsergebnis liegt bei 12 aus 27
Antwortstatistiken
Frage Antwort % Korrekt
Wie heißt die Heimmannschaft? Holzbein Kiel
85%
Was wird zwischendurch verhaftet? Ball
67%
Was wird im Laden verkauft, der das Tor der Auswärtsmannschaft darstellt? Eier
67%
Womit verwechselt die Frau, die mit Frau Hansen redet, den Ball? Melone
64%
Welcher Regelverstoß wird im Strafraum der Auswärtsmannschaft begangen? Handspiel
61%
Warum kann das Spiel nicht losgehen? Der „Schiedsrichter“ hat... Rohrverstopfung
61%
Wie heißt die Auswärtsmannschaft? 1. FC Süderbrarup
59%
Wie heißt der blinde Spieler? Berni Blindmann
56%
Was passiert am Ende mit dem Ball? Explodiert
56%
Von wo wurde er zur Heimmannschaft geholt? Inter Mailand
56%
Wie wird er auch genannt? Der Rote Helmut
52%
Welche Art Schuss ist das zweite Tor für die Auswärtsmannschaft? Fallrückzieher
52%
Wo findet laut Werner das Spiel statt? Kieler Zwietrachtstadion
51%
Was reklamiert der Torwart der Heimmannschaft nach dem ersten Tor gegen sich? Abseits
48%
Für welche Ablöse? Eine Kiste Sprotten
48%
Wie heißt der gefürchtete Schiedsrichter, der gerne Platzverweise erteilt? Helmut Hochbein
44%
Was wird im Laden verkauft, der das Tor der Heimmannschaft darstellt? Keramik
41%
Wie beschreibt Werner den „Schuss“ der Tortenladeninhaberin? Ein klassischer... Bodenquetscher
36%
Wie heißt der „Schiedsrichter“, der letztendlich das Spiel anpfeift? Bruno Koslowski
33%
Womit hatte der Torwart im letzten Spiel sein Tor dichtgemacht? 400er Ytong-Steine
31%
Was müssen die „Schiedsrichter“ überprüfen? Dienstpfeifen
30%
Immer mehr Spieler versuchen sich im... Freistilcatchen
30%
Es herrscht Unruhe im „Stadion“. Was ist laut Werner quasi los? Der... Luzifer
30%
Wie wird er auch genannt? Der Mann mit dem Durchblick
26%
Womit droht der Hühnerhändler? „Dich werd‘ ich...“ Unangespitzt in den Boden stampfen
21%
Laut welchem Teil der Dienstamtsvorschrift? Paragraph 35 Z Römisch II
10%
Wie viele Zuschauer sind ungefähr vor Ort? 63664
8%
Keine übereinstimmenden Quizze gefunden
Verteilung der Resultate
Anzahl Personen mit jedem Resultat
Perzentil nach korrekt beantworteten Fragen
Ihre Resultats-Entwicklung
Sie haben dieses Quiz noch nicht gespielt